| 000 | 00839nam a2200253 i 4500 | ||
|---|---|---|---|
| 001 | 40709 | ||
| 003 | ES-MaACL | ||
| 007 | t| | ||
| 008 | 030306s1985 sp ||||1| spa d | ||
| 020 | _a84-7509-348-1 | ||
| 100 | 1 |
_aCarreras, Concepció. _935652 |
|
| 245 | 1 | 0 |
_aOrganización de una biblioteca escolar, popular o infantil / _cConcepció Carreras, Concepció Martínez, Teresa Rovira. |
| 250 | _a1ª ed. castellana. | ||
| 260 |
_aBarcelona : _bPaidós, _c1985. |
||
| 300 |
_a395 p. ; _c22 cm. |
||
| 490 | 1 |
_aBiblioteca de Pedagogía Paidós. Rosa Sensat ; _v4 |
|
| 500 | _aIndice. | ||
| 504 | _aBibliografía. | ||
| 700 | 1 |
_aMartínez, Concepció. _977727 |
|
| 700 | 1 |
_aRovira, Teresa. _9100140 |
|
| 830 | 0 | 0 |
_aBiblioteca de pedagogía Paidós _v4 _9229754 |
| 852 |
_aES-MaACL _jL-8711 _bR.109271 |
||
| 999 |
_c40709 _d40709 |
||